مكتبة جامعة عجلون الوطنية

فهرس بحث المكتبة

Normal view MARC view
  • محو الامية - تعليم المرأة - جمعيات - الاردن

Entry Topical Term

Number of records used in: 1

001 - CONTROL NUMBER

  • control field: 8146

003 - CONTROL NUMBER IDENTIFIER

  • control field: JO-AjAnu

005 - DATE AND TIME OF LATEST TRANSACTION

  • control field: 20230606071620.0

008 - FIXED-LENGTH DATA ELEMENTS

  • fixed length control field: 230606|| aca||aabn | a|a d

040 ## - CATALOGING SOURCE

  • Original cataloging agency: JO-AjAnu
  • Transcribing agency: JO-AjAnu

150 ## - HEADING--TOPICAL TERM

  • Topical term or geographic name entry element: محو الامية - تعليم المرأة - جمعيات - الاردن

670 ## - SOURCE DATA FOUND

  • Source citation: Work cat.: (JO-AjAnu)4208: تأليف: نمر، كمال كامل عبدالحميد, author 8145, دور الجمعيات النسائية في مكافحة الامية